Bibliografía del romancero oral / (Record no. 178826)

MARC details
000 -LEADER
campo de control de longitud fija 01204nam a2200313 4500
001 - NÚMERO DE CONTROL
campo de control 178826
003 - IDENTIFICADOR DE NÚMERO DE CONTROL
campo de control ES-MaACL
005 - FECHA Y HORA DE LA ÚLTIMA TRANSACCIÓN
campo de control 20230906220615.0
008 - DATOS DE LONGITUD FIJA--INFORMACIÓN GENERAL
campo de control de longitud fija 110713s1980 sp b |||| | spa d
020 ## - NÚMERO INTERNACIONAL ESTÁNDAR DEL LIBRO
Número Internacional Estándar del Libro 84-600-2113-0 :
Condiciones de disponibilidad (v.1., tela)
020 ## - NÚMERO INTERNACIONAL ESTÁNDAR DEL LIBRO
Número Internacional Estándar del Libro 84-600-2112-2 :
Condiciones de disponibilidad (o.c., tela)
080 ## - NÚMERO DE LA CLASIFICACIÓN DECIMAL UNIVERSAL
Número de la Clasificación Decimal Universal 016:860-146.2
100 1# - ENTRADA PRINCIPAL--NOMBRE DE PERSONA
Nombre de persona Sánchez Romeralo, Antonio.
9 (RLIN) 102898
245 10 - MENCIÓN DEL TÍTULO
Título Bibliografía del romancero oral /
Mención de responsabilidad, etc. preparada por Antonio Sánchez Romeralo, Samuel G. Armistead, Suzanne H. Petersen...
246 31 - FORMA VARIANTE DEL TITULO
Título propio/Titulo breve Bibliography of the Hispanic ballad in oral tradition
260 ## - PUBLICACIÓN, DISTRIBUCIÓN, ETC.
Lugar de publicación, distribución, etc. Madrid :
Nombre del editor, distribuidor, etc. Cátedra Seminario Menéndez Pidal :
-- Gredos,
Fecha de publicación, distribución, etc. 1980.
300 ## - DESCRIPCIÓN FÍSICA
Extensión <1> v. ;
Dimensiones 25 cm.
490 1# - MENCIÓN DE SERIE
Mención de serie Romancero y poesía oral ;
Designación de volumen o secuencia 5
500 ## - NOTA GENERAL
Nota general Texto en español e inglés.
500 ## - NOTA GENERAL
Nota general Índices.
505 8# - NOTA DE CONTENIDO CON FORMATO
Nota de contenido con formato Contiene: 1. Introducción (XXI, 280 p.)
650 #7 - PUNTO DE ACCESO ADICIONAL DE MATERIA--TÉRMINO DE MATERIA
Término de materia o nombre geográfico como elemento de entrada Romances-
Subdivisión geográfica España-
Subdivisión de forma Bibliografías.
9 (RLIN) 147330
700 1# - ENTRADA AGREGADA--NOMBRE PERSONAL
Nombre de persona Armistead, Samuel G.
9 (RLIN) 22992
700 1# - ENTRADA AGREGADA--NOMBRE PERSONAL
Nombre de persona Petersen, Suzanne H.
9 (RLIN) 147331
710 2# - ENTRADA AGREGADA--NOMBRE DE ENTIDAD CORPORATIVA
Nombre de entidad corporativa o nombre de jurisdicción como elemento de entrada Universidad Complutense de Madrid.
Unidad subordinada Seminario Menéndez Pidal.
9 (RLIN) 7134
830 0# - PUNTO DE ACCESO ADICIONAL DE SERIE-TÍTULO UNIFORME
Título uniforme Romancero y poesía oral ;
Designación de volumen o secuencia 5
9 (RLIN) 186899
852 ## - LOCALIZACIÓN
Ubicación ES-MaACL
Número de control de estantería P-1986
Holdings
Estatus retirado Estado de pérdida Estado de daño No para préstamo Biblioteca de origen Biblioteca actual Ubicación en estantería Fecha de adquisición Fuente de adquisición Total de préstamos Signatura topográfica completa Código de barras Visto por última vez Precio de reemplazo Tipo de ítem Koha
        Biblioteca del Ateneo de Madrid Biblioteca del Ateneo de Madrid Depósito 2 13/07/2011     P-1986 1187844 23/02/2023 23/02/2023 Libro impreso